Austrian players in European Big Five (2000-) - Statistics

General Stats
  • This quiz has been taken 55 times
  • The average score is 26 of 123
Answer Stats
Ranking Player Positions Nationality Matches Goals (assists) Periods Clubs % Correct
1 David Alaba DF, MF 372 28 (34) 2009-2025
100%
2 Marko Arnautović MF, FW 357 90 (48) 2009-2018, 2021-2025
98%
6 Marcel Sabitzer DF, MF, FW 247 39 (28) 2016-2025
95%
19 Konrad Laimer DF, MF 188 12 (18) 2017-2025
90%
3 Christian Fuchs DF, MF 299 12 (42) 2008-2021
76%
4 Michael Gregoritsch MF, FW 270 59 (21) 2015-2025
71%
23 Christoph Baumgartner MF, FW 184 34 (12) 2018-2025
68%
30 Stefan Lainer DF, MF 138 5 (8) 2019-2025
66%
5 Julian Baumgartlinger DF, MF 255 7 (9) 2011-2023
61%
25 Kevin Danso DF 169 7 (6) 2016-2019, 2021-2025
54%
32 Xaver Schlager MF 124 4 (13) 2019-2025
51%
7 Martin Harnik MF, FW 240 67 (22) 2007-2008, 2010-2015, 2017-2020
49%
15 Martin Hinteregger DF, MF 190 17 (2) 2015-2022
49%
11 Sebastian Prödl DF, MF 225 13 (7) 2008-2020
49%
18 Valentino Lazaro DF, MF, FW 189 8 (25) 2017-2020, 2022-2025
49%
41 Kevin Wimmer DF 86 0 (0) 2014-2019
46%
17 Stefan Posch DF 189 9 (4) 2017-2025
46%
54 Gerd Wimmer DF, MF 52 1 (2) 2000-2001, 2002-2004
44%
38 Patrick Wimmer MF, FW 100 12 (18) 2021-2025
44%
16 Philipp Lienhart DF 189 12 (1) 2017-2025
44%
39 Guido Burgstaller MF, FW 95 24 (7) 2016-2020
41%
48 Sasa Kalajdzic FW 68 24 (10) 2020-2024
41%
20 Zlatko Junuzović MF, FW 188 21 (40) 2011-2018
41%
44 Aleksandar Dragović DF, MF 82 3 (1) 2016-2021
39%
22 Alex Manninger GK 184 0 (0) 2000-2002, 2004-2005, 2006-2009, 2012-2016
39%
12 Karim Onisiwo MF, FW 214 33 (23) 2015-2025
39%
26 Christopher Trimmel DF, MF, FW 165 3 (28) 2019-2025
37%
27 Marco Friedl DF, MF 157 2 (3) 2017-2020, 2022-2025
37%
35 Andreas Weimann MF, FW 113 17 (8) 2010-2015
34%
57 Maximilian Wöber DF 48 2 (3) 2018-2019, 2022-2024
34%
42 Phillipp Mwene DF, MF 85 3 (8) 2018-2020, 2023-2025
34%
9 Florian Grillitsch DF, MF 229 7 (17) 2015-2021, 2023-2025
32%
55 Nicolas Seiwald DF, MF 51 0 (2) 2023-2025
32%
34 Romano Schmid MF, FW 114 10 (16) 2020-2021, 2022-2025
32%
31 Stefan Ilsanker DF, MF 130 3 (2) 2016-2022
32%
29 Alessandro Schöpf DF, MF, FW 143 11 (4) 2015-2022
29%
21 Florian Kainz MF, FW 185 26 (31) 2016-2024
29%
24 Kevin Stöger MF, FW 179 20 (28) 2018-2025
29%
64 Ramazan Özcan GK 39 0 (0) 2008-2009, 2015-2016, 2017-2019
29%
49 Hannes Wolf MF, FW 62 4 (3) 2019-2023
27%
61 Andreas Herzog MF 41 3 (5) 2000-2002
24%
28 Andreas Ivanschitz MF 152 26 (20) 2009-2015
24%
92 Daniel Bachmann GK 12 0 (0) 2021-2022
24%
14 Emanuel Pogatetz DF 204 6 (6) 2005-2008, 2010-2014
24%
8 Martin Stranzl DF, MF 233 13 (6) 2000-2005, 2010-2016
24%
62 Junior Adamu MF, FW 40 2 (2) 2023-2025
22%
50 Florian Klein DF, MF 56 3 (4) 2014-2016
20%
105 Yusuf Demir FW 6 0 (0) 2021-2022
20%
13 György Garics DF, MF 206 4 (5) 2007-2013, 2015-2016
17%
77 Leopold Querfeld DF 27 2 (2) 2024-2025
17%
111 Michael Langer GK 4 0 (0) 2006-2007, 2020-2021
17%
10 Paul Scharner DF, MF 225 21 (12) 2005-2013
17%
70 Pavao Pervan GK 34 0 (0) 2018-2021, 2023-2024
17%
43 Dejan Ljubicic MF, FW 83 8 (4) 2021-2024
15%
94 Stefan Maierhofer FW 11 1 (0) 2006-2007, 2009-2010, 2011-2012
15%
65 Erwin Hoffer FW 38 6 (1) 2009-2010, 2012-2013
12%
114 Heinz Lindner GK 2 0 (0) 2016-2017
12%
59 Jürgen Macho GK 42 0 (0) 2000-2002, 2005-2006
12%
52 Manuel Prietl MF 54 1 (2) 2020-2022
12%
73 Marco Grüll MF, FW 30 6 (1) 2024-2025
12%
101 Patrick Pentz GK 7 0 (0) 2022-2023
12%
121 Robert Almer GK 1 0 (0) 2012-2013
12%
81 Alexander Prass DF 23 0 (1) 2024-2025
10%
45 Andreas Ibertsberger DF 81 1 (0) 2004-2005, 2008-2012
10%
71 Christoph Klarer DF 30 2 (2) 2023-2024
10%
72 David Nemeth DF 30 0 (1) 2021-2022, 2024-2025
10%
66 Louis Schaub MF, FW 37 2 (3) 2019-2020, 2021-2022
10%
51 Lukas Hinterseer MF, FW 56 9 (1) 2015-2017
10%
40 Markus Suttner GK, DF 90 5 (7) 2015-2020
10%
58 Mathias Honsak DF, MF, FW 45 6 (2) 2023-2025
10%
89 Moritz Bauer DF, MF 15 0 (0) 2017-2018
10%
90 Nikolas Veratschnig DF, MF 15 0 (0) 2024-2025
10%
80 Robert Gucher MF 24 0 (0) 2015-2016
10%
112 Rubin Okotie FW 4 0 (0) 2010-2011
10%
53 Adrian Grbić MF, FW 52 5 (0) 2020-2024
7%
56 Dietmar Kühbauer MF 49 8 (7) 2000-2002
7%
88 Eduard Glieder FW 15 2 (0) 2003-2004
7%
36 Flavius Daniliuc DF 108 1 (2) 2020-2025
7%
37 Harald Cerny MF 102 3 (10) 2000-2004
7%
33 Markus Weissenberger MF 118 9 (19) 2001-2003, 2005-2008
7%
69 Michael Svoboda DF 34 1 (0) 2021-2022, 2024-2025
7%
78 Philipp Hosiner FW 27 1 (1) 2014-2016
7%
93 Mario Haas FW 11 3 (1) 2000-2001
5%
46 Markus Schopp MF 79 3 (4) 2001-2005
5%
68 Raphael Holzhauser MF, FW 36 0 (3) 2011-2014
5%
91 Roland Linz FW 15 0 (1) 2004-2005
5%
96 Roman Wallner FW 10 0 (0) 2004-2005
5%
67 Ümit Korkmaz MF 37 3 (4) 2008-2011
5%
123 Ylli Sallahi DF 1 0 (0) 2013-2014
5%
87 Benedikt Pichler FW 18 1 (2) 2024-2025
2%
82 Christian Gebauer MF, FW 23 1 (1) 2020-2021
2%
74 Emir Karic DF 27 0 (0) 2023-2024
2%
75 Georg Margreitter DF 27 2 (0) 2018-2019
2%
76 Georg Teigl DF, MF, FW 27 0 (1) 2016-2017, 2018-2020
2%
100 Leo Greiml DF 7 0 (0) 2022-2023
2%
116 Marco Djuricin FW 2 0 (0) 2011-2012
2%
104 Marlon Mustapha MF, FW 6 0 (0) 2022-2023
2%
99 Matthias Braunöder MF 8 0 (0) 2024-2025
2%
107 Maximilian Ullmann DF 5 0 (0) 2021-2022
2%
95 Michael Baur DF, MF 10 0 (0) 2002-2003
2%
47 Muhammed Cham MF, FW 71 15 (8) 2022-2024
2%
84 Nikola Dovedan MF, FW 21 3 (1) 2023-2024
2%
98 Philipp Zulechner FW 9 1 (0) 2013-2015
2%
109 Robert Žulj MF, FW 5 0 (0) 2017-2018
2%
118 Arnel Jakupović FW 1 0 (0) 2016-2017
0%
85 Clemens Walch MF 19 0 (0) 2009-2012
0%
113 Daniel Royer MF, FW 3 0 (0) 2011-2012
0%
97 Dario Maresic DF 9 0 (0) 2019-2021
0%
110 David Schnegg DF 4 0 (0) 2021-2022
0%
106 Dejan Stojanović GK 5 0 (0) 2012-2014
0%
83 Emanuel Aiwum DF 23 0 (0) 2022-2023
0%
119 Florian Micheler MF 1 0 (0) 2024-2025
0%
79 Gernot Plassnegger DF 25 1 (3) 2001-2002, 2003-2004
0%
103 Jürgen Prutsch MF 6 0 (0) 2009-2010
0%
86 Jürgen Säumel MF 19 2 (0) 2008-2009
0%
115 Lukas Jäger MF, FW 2 0 (0) 2018-2019
0%
120 Lukas Spendlhofer DF 1 0 (0) 2012-2013
0%
63 Marcus Pürk MF, FW 40 0 (2) 2000-2004
0%
108 Muhammed Ildiz MF 5 0 (0) 2012-2013
0%
102 Richard Kitzbichler MF 7 0 (0) 2002-2003
0%
117 Richard Strebinger GK 2 0 (0) 2014-2015
0%
122 Samuel Şahin-Radlinger GK 1 0 (0) 2018-2019
0%
60 Stefan Lexa MF 42 0 (4) 2003-2004, 2005-2006
0%
No matching quizzes found
Score Distribution
Percent of People with Each Score
Percentile by Number Answered
Your Score History
You have not taken this quiz